000 00471nam a22001937a 4500
001 00028448
005 20260304095920.0
008 260304b ag ||||| |||| 00| 0 spa d
020 _a8428508194
040 _bspa
_cAR-CcCEOS
080 _a22
090 _bBIB
245 _aEl libro del pueblo de Dios /
_bLa Biblia
250 _a1ยช ed.
260 _aBuenos Aires :
_bPaulinas,
_c1981.
300 _a1787 p. ;
_c19x13 cm.
650 0 _abiblia
942 _2udc
_cBK
999 _c28474
_d28474
945 _a66467
_bMelina Rolando
_c66467
_dMelina Rolando